01474cam a22003737a 4500003000500000005001700005008004100022010000900063011000900072035000900081040000900090090001000099100004300109245015600152260004000308300002800348502009900376590003700475590004100512590004100553590004100594590004200635650004000677650003000717650004200747650003100789650004500820650003500865901000700900942001000907949004100917999001500958952012700973CHAP20220329133439.0971013s1992 r 00010 d a6497 a7469 a6692 cCHAP aTesis00aGaleana Morales, José Manuel.944225 0aEvaluación técnica-financiera de la plantación en asociación de cocotero (Cocus nuciferoz L) plátano (Musa acuminata) en la Costa guerrerense aChapingo, Méx. :bEl autor,c1992 a160 h.b: ilus. ; anexo aTesis (Ing. Agr. Esp. en Economía Agrícola) -- UACH. Departamento de Economía Agrícola aALEPHb10c20130110lUCH01h1219 aBATCH-UPDb10c20130110lUCH01h1656 aBATCH-UPDb10c20130410lUCH01h1045 aBATCH-UPDb10c20130914lUCH01h0955 aCONVERSIONb10c20130109lUCH01h130514aCocoxAspectos económicos.92423614aCocoxRendimiento.92426714aCopraxCostos de producción.92790014aCultivos asociados.93037014aPlátanoxAspectos económicos.98920614aPlátanoxRendimiento.989265 aBK cTESIS bBCcTESd-16300eTS1h25209i6692si c6497d6497 00102local4051708TESISaBCbBCcPA_TESISd2019-12-31fTESISl0oTesisp-16300r2019-12-31 00:00:00w2019-12-31yTESIS